000 00666nam a2200217 a 4500
008
020 _a0080229522 (pbk.)
049 _aMAIN
090 _aTP155
_bCOU
100 1 _aCoulson, J. M.
245 1 0 _aChemical engineering
_nvol. 5 :
_bsolutions to the problems in Chemical engineering /
_cJ.M. Coulson and J.F. Richardson
260 _aOxford:
_bPergamon,
_c1979.
300 _avii, 255 p. :
_bill. ;
_c25 cm.
650 0 _aChemical engineering.
700 1 _aRichardson, J. F.
907 _a.b10064424
_b28-03-13
_c17-04-03
003
005 20230123133551.0
040 _cNUST
942 _cBOOKS
_kTP155
_mCOU
999 _c150821
_d150821